000 00766nam a2200265 u 4500
999 _c142153
_d142153
003 UPN
005 20240831063723.0
008 090323s2007 es r 000 0 spa d
020 _a9788421696620
035 _aUPN01000170047
040 _aUPN
_bspa
_cUPN
049 _aI
050 4 _aPQ6651 M6.2
_bM2.6 2007
100 1 _aAmo Gili, Montserrat del,
_d1927-
_930835
245 1 0 _aMao Tiang Pelos Tiesos /
_cMontserrat del Amo ; il. Fátima García.
250 _a11a ed.
260 _aMadrid :
_bBruño,
_c2007.
300 _a105 p. :
_bil.
440 0 _aAlta mar.
_pCuentos ;
_v112
650 4 _aCuentos infantiles españoles
_97725
650 4 _aPRINCESAS -
_vLITERATURA INFANTIL
_911041
905 _aInfantil
942 _2lcc
_cLIBRO